Environmental microbiology

Αποθηκεύτηκε σε:
Λεπτομέρειες βιβλιογραφικής εγγραφής
Κύριος συγγραφέας: Sharma, P. D.
Μορφή: Βιβλίο
Γλώσσα:English
Δημοσίευση: Harrow : Alpha Science International, 2005
Θέματα:
Ετικέτες: Προσθήκη ετικέτας
Δεν υπάρχουν, Καταχωρήστε ετικέτα πρώτοι!

MARC

LEADER 00000nam a2200000 i 4500
001 1/93315
008 080905s2005 eng d
020 |a 1-84265-276-1 
035 |l 10099946 
040 |a GR-MY-UA  |b gre  |e aacr 
041 0 |a eng 
082 0 |a 579.17  |2 (22) 
100 1 |a Sharma, P. D. 
245 1 0 |a Environmental microbiology /  |c P. D. Sharma 
260 |a Harrow :   |b Alpha Science International,   |c 2005 
300 |a ix, 372 σ.;  |b σχ., πίν. ;  |c 25 εκ. 
504 |a Ευρετήριο: σ. 368-372 
650 0 0 |a Microbial ecology. 
852 |a INST  |b LESVOS  |e 20080905  |h 579.17 SHA  |p 005100042868  |q 005100042868  |t BK  |y 0 
901 |a BIBL1-2008-3 
909 |a Λ  |b 152402 
922 |a 1ΕΛΗ  |b 200803  |c ΕΠΕΑΕΚ2/ΤΠ  |d ΕΛΕΥΘΕΡΟΥΔΑΚΗΣ 
970 |a ΧΑΤΖΗΜΙΧΑΗΛ  |b ΜΑΡΙΑ  |z 2008/09/05